00478 a2200169 450000100060000002000180000604000220002410000260004624000250007224500200009730000080011736200090012565000390013494200070017395201110018099900170029160590 a9788502046030 cAnchieta - Pituba aGarcia, Edson Gabriel10aCidadania agoralpor10aCidadania agora a1240 a2004 4aCidadania e tópicos relacionados cBK 00104070a91.1b91.1d2023-11-21l0o323.6 G216c GAR CIDp12325/PITr2023-11-21 18:28:42w2023-11-21yBK c60590d60590